Southville International School and Colleges
Your cart is empty.
  • Cart
  • Lists
    Public lists Eva Luna New books Lux_list list_1
    Your lists Log in to create your own lists
  • Log in to your account
  • Your cookies
  • Search history
Southville International School and Colleges
  • Advanced search
  • Recent comments
  • Most popular
  • Libraries

Log in to your account

Log in with GOOGLE


If you do not have an external account, but do have a local account, you can still log in:

  1. Home
  2. MARC view: Fifty strategies for teaching English language learners /
Normal view MARC view ISBD view

Fifty strategies for teaching English language learners / (Record no. 12521)

[ view plain ]
MARC details
000 -LEADER
fixed length control field 00698nam a22002057a 4500
003 - CONTROL NUMBER IDENTIFIER
control field OSt
005 - DATE AND TIME OF LATEST TRANSACTION
control field 20160610142802.0
008 - FIXED-LENGTH DATA ELEMENTS--GENERAL INFORMATION
fixed length control field 131001t xxu||||| |||| 00| 0 eng d
020 ## - INTERNATIONAL STANDARD BOOK NUMBER
International Standard Book Number 9780139239550
050 ## - LIBRARY OF CONGRESS CALL NUMBER
Classification number PE 1128.A2
Item number .H467 2000
082 ## - DEWEY DECIMAL CLASSIFICATION NUMBER
Classification number GLT 428.007
Item number H43 2000
100 ## - MAIN ENTRY--PERSONAL NAME
Personal name Herrell, Adrienne L.
9 (RLIN) 22441
245 ## - TITLE STATEMENT
Title Fifty strategies for teaching English language learners /
Statement of responsibility, etc Adrienne L. Herrell.
260 ## - PUBLICATION, DISTRIBUTION, ETC. (IMPRINT)
Place of publication, distribution, etc N.J., Merrill :
Name of publisher, distributor, etc Prentice Hall,
Date of publication, distribution, etc 2000
300 ## - PHYSICAL DESCRIPTION
Extent 239 p. :
Other physical details ill. ;
Dimensions 27 cm.
650 ## - SUBJECT ADDED ENTRY--TOPICAL TERM
Topical term or geographic name as entry element English language
General subdivision Study and teaching
-- Foreign speakers
9 (RLIN) 22442
650 ## - SUBJECT ADDED ENTRY--TOPICAL TERM
Topical term or geographic name as entry element 50 strategies for teaching English language learners.
9 (RLIN) 22443
942 ## - ADDED ENTRY ELEMENTS (KOHA)
Source of classification or shelving scheme Library of Congress Classification
Koha item type Books
Holdings
Withdrawn status Lost status Source of classification or shelving scheme Damaged status Home library Current library Shelving location Date acquired Source of acquisition Total Checkouts Full call number Barcode Date last seen Copy number Price effective from Koha item type
    Library of Congress Classification   Luxembourg Library Luxembourg Library Genevive Ledesma - Tan Section 10/01/2013 Donation   PE 1128.A2 .H467 2000 11575 10/01/2013 1 10/01/2013 Books

Fifty strategies for teaching English language learners /

APA

Herrell A. L., . (2000). Fifty strategies for teaching English language learners. N.J., Merrill: Prentice Hall.

Chicago

Herrell Adrienne L, . 2000. Fifty strategies for teaching English language learners. N.J., Merrill: Prentice Hall.

Harvard

Herrell A. L., . (2000). Fifty strategies for teaching English language learners. N.J., Merrill: Prentice Hall.

MLA

Herrell Adrienne L, . Fifty strategies for teaching English language learners. N.J., Merrill: Prentice Hall. 2000.

  • Place hold
  • Print
  • Cite
  • Add to your cart (remove)
  • Save record
    BIBTEX Dublin Core MARCXML MARC (non-Unicode/MARC-8) MARC (Unicode/UTF-8) MARC (Unicode/UTF-8, Standard) MODS (XML) RIS
  • More searches
    Search for this title in:
    Other Libraries (WorldCat) Other Databases (Google Scholar) Online Stores (Bookfinder.com) Open Library (openlibrary.org)

Exporting to Dublin Core...

SOUTHVILLE LIBRARY

Southville International School and Colleges Library

1281 Tropical Ave. Cor. Luxembourg St., BF Homes International, Las Pinas City

Tel. No. 8256374 / 252358 Loc. 117/146

Powered by Koha